[Event "London Chess Classic: Blitz A"]
[Site "London"]
[Date "2019.12.08"]
[Round "4"]
[White "Arapalea, Daniel Ionel"]
[Black "Dhemrait, Jagdeep"]
[Result "1-0"]
[WhiteElo "1829"]
[BlackElo "1688"]
[PlyCount "77"]
[EventDate "2019.12.08"]
[EventType "swiss (blitz)"]
[EventRounds "11"]
[EventCountry "ENG"]
[SourceTitle "EXT 2021"]
[Source "ChessBase"]
[SourceDate "2020.10.23"]
[SourceVersion "1"]
[SourceVersionDate "2020.10.23"]
[SourceQuality "1"]

1. e4 c5 2. Nf3 Nc6 3. c3 g6 4. Qc2 Bg7 5. Be2 e6 6. 0-0 Nge7 7. a3 a5 8. Rd1 d5 9. d3 0-0 10. Bg5 Qc7 11. Nbd2 b6 12. Rac1 Bb7 13. Re1 Rac8 14. Bh4 Rfe8 15. Bg3 Qd7 16. Rcd1 d4 17. c4 f6 18. Qb3 Qd8 19. h3 Na7 20. Nh2 Bc6 21. Bf3 e5 22. Be2 g5 23. h4 h6 24. f3 Ng6 25. hxg5 hxg5 26. Kf2 Kf7 27. Ng4 Rh8 28. Rh1 Qd7 29. Qxb6 Ra8 30. Rxh8 Rxh8 31. Qxc5 a4 32. b4 Rb8 33. b5 Ba8 34. Qb4 Bf8 35. Qxa4 Ne7 36. Rh1 Nec8 37. Rh7+ Bg7 38. Qd1 Kg8 39. Nxf6+ 1-0

[Event "London Chess Classic: Blitz A"]
[Site "London"]
[Date "2019.12.08"]
[Round "9"]
[White "Dhemrait, Jagdeep"]
[Black "Brass, Ezra"]
[Result "0-1"]
[WhiteElo "1688"]
[BlackElo "1617"]
[PlyCount "52"]
[EventDate "2019.12.08"]
[EventType "swiss (blitz)"]
[EventRounds "11"]
[EventCountry "ENG"]
[SourceTitle "EXT 2021"]
[Source "ChessBase"]
[SourceDate "2020.10.23"]
[SourceVersion "1"]
[SourceVersionDate "2020.10.23"]
[SourceQuality "1"]

1. e4 c5 2. Nc3 Nc6 3. f4 g6 4. Nf3 Bg7 5. Bb5 e6 6. Bxc6 dxc6 7. 0-0 Ne7 8. d3 b5 9. a4 b4 10. Ne2 Ba6 11. Nd2 0-0 12. Rb1 Rb8 13. b3 f5 14. Kh1 fxe4 15. Nxe4 Qd5 16. Qe1 Nf5 17. Bb2 Bxb2 18. Rxb2 Nd4 19. Nd2 Rf5 20. Ng3 Rff8 21. Nge4 Qh5 22. Qe3 Rbd8 23. Nf3 Qd5 24. Ne5 Qxe5 25. Re1 Qh5 26. Ng3 Qd5 0-1

[Event "London Chess Classic: Blitz A"]
[Site "London"]
[Date "2019.12.08"]
[Round "10"]
[White "Dhemrait, Jagdeep"]
[Black "Pappelis, Dimitrios"]
[Result "0-1"]
[WhiteElo "1688"]
[BlackElo "2019"]
[PlyCount "58"]
[EventDate "2019.12.08"]
[EventType "swiss (blitz)"]
[EventRounds "11"]
[EventCountry "ENG"]
[SourceTitle "EXT 2021"]
[Source "ChessBase"]
[SourceDate "2020.10.23"]
[SourceVersion "1"]
[SourceVersionDate "2020.10.23"]
[SourceQuality "1"]

1. e4 c5 2. Nc3 e6 3. f4 d5 4. d3 dxe4 5. dxe4 Qxd1+ 6. Nxd1 Nc6 7. Nf3 Nf6 8. Bd3 a6 9. a4 c4 10. Bxc4 Nxe4 11. 0-0 Bc5+ 12. Be3 0-0 13. Bxc5 Nxc5 14. Nc3 Bd7 15. Rfd1 Rfd8 16. b3 Be8 17. Rxd8 Rxd8 18. Rd1 Rxd1+ 19. Nxd1 Ne4 20. Bd3 Nc5 21. Bc4 Ne4 22. Bd3 Nf6 23. c3 Kf8 24. Ng5 h6 25. Ne4 Nd5 26. g3 Ke7 27. Nc5 b6 28. Nxa6 Kd6 29. Kf2 Ke7 0-1

[Event "London Classic op U2050-A 11th"]
[Site "London"]
[Date "2019.11.30"]
[Round "2"]
[White "Dhemrait, Jagdeep"]
[Black "Gardiner, Ethan"]
[Result "1/2-1/2"]
[WhiteElo "1834"]
[BlackElo "1402"]
[PlyCount "81"]
[EventDate "2019.11.29"]
[EventType "swiss"]
[EventRounds "5"]
[EventCountry "ENG"]
[SourceTitle "CBM 195 Extra"]
[Source "ChessBase"]
[SourceDate "2020.05.31"]
[SourceVersion "1"]
[SourceVersionDate "2020.05.31"]
[SourceQuality "1"]

1. e4 e5 2. Nf3 Nc6 3. Bb5 a6 4. Ba4 Nf6 5. d3 b5 6. Bb3 Be7 7. 0-0 d6 8. c3 0-0 9. Re1 Na5 10. Bc2 c5 11. a3 Nc6 12. Nbd2 b4 13. axb4 cxb4 14. Nf1 Re8 15. d4 bxc3 16. bxc3 Qc7 17. Bd3 a5 18. Ne3 Bf8 19. Qc2 Ba6 20. Nd5 Nxd5 21. exd5 Bxd3 22. Qxd3 Nb8 23. dxe5 dxe5 24. Ba3 Bxa3 25. Rxa3 Qd6 26. Qb5 Qxa3 27. Qxe8+ Qf8 28. Qxe5 Nd7 29. Qd4 Qc5 30. Qxc5 Nxc5 31. Nd4 Kf8 32. f3 a4 33. Ra1 a3 34. Nc2 a2 35. Nb4 Ra3 36. Rxa2 Rxc3 37. d6 Ke8 38. Rd2 Kd7 39. Rd5 Nb7 40. Nd3 Nxd6 41. Nc5+ 1/2-1/2

[Event "London CSC Weekend U2050 op 10th"]
[Site "London"]
[Date "2018.12.16"]
[Round "5"]
[White "Dhemrait, Jagdeep"]
[Black "Roch, Florian"]
[Result "1-0"]
[WhiteElo "1825"]
[BlackElo "1861"]
[PlyCount "101"]
[EventDate "2018.12.14"]
[EventType "swiss"]
[EventRounds "5"]
[EventCountry "ENG"]
[SourceTitle "EXT 2020"]
[Source "ChessBase"]
[SourceDate "2019.10.17"]
[SourceVersion "1"]
[SourceVersionDate "2019.10.17"]
[SourceQuality "1"]

1. e4 c5 2. Nf3 d6 3. Nc3 Nf6 4. d4 cxd4 5. Nxd4 a6 6. a4 Nc6 7. Be3 Ng4 8. Qd2 Nxe3 9. Qxe3 g6 10. Nxc6 bxc6 11. Bc4 Bg7 12. 0-0 0-0 13. Rab1 e6 14. Rfd1 Qc7 15. Be2 Bb7 16. Rbc1 d5 17. exd5 exd5 18. Qc5 Be5 19. g3 Bd6 20. Qe3 Rae8 21. Qd2 f5 22. Bf3 Re6 23. Re1 Rfe8 24. Rxe6 Rxe6 25. Re1 Qe7 26. Rxe6 Qxe6 27. Kg2 Kf7 28. Ne2 Qe5 29. b3 Kf6 30. h4 Qe7 31. c4 dxc4 32. Qd4+ Be5 33. Qxc4 Qd7 34. Nf4 Bxf4 35. Qxf4 c5 36. Bxb7 Qxb7+ 37. Qf3 Qb6 38. g4 Qd6 39. gxf5 gxf5 40. Qe3 f4 41. Qc3+ Qe5 42. Qc4 Qd6 43. Kf3 Kg7 44. Kg4 h5+ 45. Kf3 Qd7 46. Kxf4 Qc7+ 47. Kf3 Qb7+ 48. Kg3 Qb8+ 49. Kg2 Qe5 50. Qd3 Kf6 51. Qxa6+ 1-0

[Event "BCF-chT4S 1718 (4NCL)"]
[Site "England"]
[Date "2017.11.11"]
[Round "1.11"]
[White "Ahlander, Bjorn"]
[Black "Dhemrait, Jagdeep"]
[Result "1-0"]
[WhiteElo "2442"]
[BlackElo "1777"]
[PlyCount "69"]
[EventDate "2017.11.11"]
[EventType "team-swiss"]
[EventRounds "11"]
[EventCountry "ENG"]
[SourceTitle "EXT 2020"]
[Source "ChessBase"]
[SourceDate "2019.10.17"]
[SourceVersion "1"]
[SourceVersionDate "2019.10.17"]
[SourceQuality "1"]
[WhiteTeam "Iceni"]
[BlackTeam "Cambridge University III"]
[WhiteTeamCountry "ENG"]
[BlackTeamCountry "ENG"]

1. d4 d5 2. c4 c6 3. Nf3 Nf6 4. Nc3 g6 5. Bf4 Bg7 6. e3 0-0 7. h3 Be6 8. Ng5 Nbd7 9. Nxe6 fxe6 10. Be2 Kh8 11. 0-0 Qe8 12. b4 dxc4 13. Bxc4 Nd5 14. Ne2 N7b6 15. Qb3 Nxc4 16. Qxc4 Qd7 17. Bg3 Nb6 18. Qc2 Rad8 19. Rfd1 Qd5 20. Nf4 Qd7 21. Rab1 Nd5 22. Nd3 Rf7 23. e4 Nb6 24. Nc5 Qc8 25. Qb3 Rxd4 26. Nxe6 Rd7 27. Ng5 Rf8 28. Nf7+ Rxf7 29. Qxf7 e5 30. Rxd7 Nxd7 31. Rd1 Nf8 32. Qe7 Qe6 33. Qxe6 Nxe6 34. Rd7 b5 35. Re7 1-0

[Event "London Classic op U2050-B 8th"]
[Site "London"]
[Date "2016.12.14"]
[Round "3"]
[White "Shapland, David"]
[Black "Dhemrait, Jagdeep"]
[Result "1-0"]
[WhiteElo "1802"]
[BlackElo "1679"]
[PlyCount "53"]
[EventDate "2016.12.12"]
[EventType "swiss"]
[EventRounds "5"]
[EventCountry "ENG"]
[SourceTitle "EXT 2019"]
[Source "ChessBase"]
[SourceDate "2018.10.10"]
[SourceVersion "1"]
[SourceVersionDate "2018.10.10"]
[SourceQuality "1"]

1. e4 c5 2. Nf3 Nc6 3. d4 cxd4 4. Nxd4 d6 5. Nc3 g6 6. Be3 Bg7 7. Qd2 e6 8. 0-0-0 Bf8 9. Be2 a6 10. f4 d5 11. exd5 exd5 12. Bf3 Nf6 13. Rhe1 Be6 14. f5 gxf5 15. Nxf5 Be7 16. Ng7+ Kd7 17. Na4 Rb8 18. Bb6 Qf8 19. Nxe6 fxe6 20. Rxe6 Kxe6 21. Bxd5+ Kf5 22. Qd3+ Kg5 23. Qg3+ Ng4 24. Be3+ Kh5 25. Bf3 Qf5 26. Rd5 Qxd5 27. Qxg4# 1-0

[Event "Amersham e2e4 Major op"]
[Site "Amersham"]
[Date "2012.05.20"]
[Round "5"]
[White "Miles, Barry S"]
[Black "Dhemrait, Jagdeep"]
[Result "0-1"]
[WhiteElo "1641"]
[BlackElo "1646"]
[PlyCount "84"]
[EventDate "2012.05.18"]
[EventType "swiss"]
[EventRounds "5"]
[EventCountry "ENG"]
[SourceTitle "EXT 2014"]
[Source "ChessBase"]
[SourceDate "2013.11.20"]
[SourceVersion "1"]
[SourceVersionDate "2013.11.20"]
[SourceQuality "1"]

1. d4 c6 2. c4 d5 3. Nc3 Bf5 4. Bf4 Nf6 5. e3 e6 6. c5 b6 7. b4 bxc5 8. bxc5 Qa5 9. Qd2 Nbd7 10. Be2 Be7 11. h3 0-0 12. Nf3 Nh5 13. Bh2 Nhf6 14. 0-0 Bd8 15. Nh4 Bg6 16. Nb1 Qa4 17. Nxg6 hxg6 18. Bd1 Qa6 19. Qb4 Ne4 20. f3 Nef6 21. Nd2 Qd3 22. Kf2 a5 23. Qb2 a4 24. Be2 Qf5 25. g4 Qg5 26. Bf4 Qh4+ 27. Bg3 Qh7 28. Bd3 Qh6 29. h4 g5 30. Rh1 gxh4 31. Bxh4 Nxg4+ 32. fxg4 Bxh4+ 33. Ke2 Qf6 34. Raf1 Qe7 35. Nf3 g5 36. Rh3 Kg7 37. Rfh1 Rh8 38. Kd1 Rh6 39. Qh2 Rah8 40. Qc7 Re8 41. Qxc6 e5 42. Bf5 Rxc6 0-1

[Event "Amersham e2e4 Major op"]
[Site "Amersham"]
[Date "2012.05.19"]
[Round "3"]
[White "Kelly, John"]
[Black "Dhemrait, Jagdeep"]
[Result "0-1"]
[WhiteElo "1710"]
[BlackElo "1646"]
[PlyCount "106"]
[EventDate "2012.05.18"]
[EventType "swiss"]
[EventRounds "5"]
[EventCountry "ENG"]
[SourceTitle "EXT 2014"]
[Source "ChessBase"]
[SourceDate "2013.11.20"]
[SourceVersion "1"]
[SourceVersionDate "2013.11.20"]
[SourceQuality "1"]

1. e4 c5 2. Nf3 Nc6 3. d4 cxd4 4. Nxd4 g6 5. Be3 Bg7 6. Nxc6 bxc6 7. Bd4 Nf6 8. Bd3 e6 9. Nd2 d5 10. exd5 cxd5 11. 0-0 0-0 12. Nf3 Re8 13. Ne5 Nd7 14. Nc6 Qc7 15. Bxg7 Kxg7 16. Nd4 e5 17. Re1 Nf6 18. Nb5 Qb6 19. b3 Ng4 20. Qd2 e4 21. Bf1 e3 22. fxe3 Nxe3 23. Qd4+ Qxd4 24. Nxd4 Bf5 25. Nxf5+ Nxf5 26. Bd3 Ne3 27. Re2 d4 28. Rae1 Rec8 29. Rc1 Rc3 30. Rd2 Rac8 31. Be4 f5 32. Bd3 a5 33. Rb1 Nxc2 34. Bxc2 Rxc2 35. Rxd4 Rxa2 36. Rd7+ Kh6 37. Ra7 Rcc2 38. b4 Rxg2+ 39. Kh1 Rxh2+ 40. Kg1 axb4 41. Rxb4 Rag2+ 42. Kf1 Rc2 43. Kg1 Rhd2 44. Ra1 Rb2 45. Rba4 g5 46. Re1 Rg2+ 47. Kh1 f4 48. Ra3 g4 49. Re6+ Kh5 50. Ra5+ Kh4 51. Rg6 Rh2+ 52. Kg1 hxg6 53. Ra1 f3 0-1